000 00421 a2200133 4500
005 20250527095341.0
020 _a978-81-224-1942-9
082 _a658.8 RAJ
245 _aMarketing Dynamics: Theory and Practice.
260 _aNew Delhi,
_bNew Age International LTD,
_c2007.
300 _axii, 414p.: ill.; figure, table
_bIndex
_c25cm
856 _yAccess Online Book
_fMarketing
_dwww.Age International LTD.
942 _2ddc
_cBKS
999 _c2719
_d2719